[Event "EU-ch blitz"]
[Site "Minsk"]
[Date "2015.12.18"]
[Round "5.49"]
[White "Kuzin, Anton"]
[Black "Makovskis, Georgijs"]
[Result "1-0"]
[WhiteElo "2409"]
[BlackElo "2236"]
[PlyCount "65"]
[EventDate "2015.12.18"]
[EventType "swiss (blitz)"]
[EventRounds "22"]
[EventCountry "BLR"]
[SourceTitle "EXT 2017"]
[Source "ChessBase"]
[SourceDate "2016.10.25"]
[SourceVersion "1"]
[SourceVersionDate "2016.10.25"]
[SourceQuality "1"]

1. d4 Nf6 2. Nf3 g6 3. Nc3 d5 4. Bf4 Bg7 5. e3 c6 6. Be2 0-0 7. Ne5 Nbd7 8. h4 h5 9. Qd3 Nxe5 10. dxe5 Bf5 11. Qd4 Ne4 12. f3 Nxc3 13. Qxc3 Qb6 14. 0-0-0 Rfd8 15. g4 hxg4 16. h5 gxf3 17. Bxf3 Qa6 18. h6 Bh8 19. h7+ Kf8 20. Kb1 Qc4 21. Qxc4 dxc4 22. Rd4 Rxd4 23. exd4 Rd8 24. Be3 e6 25. Kc1 Rc8 26. c3 b5 27. Bg5 Ke8 28. Bxc6+ Rxc6 29. Bf6 g5 30. Bxh8 b4 31. Bf6 Bxh7 32. Rxh7 g4 33. Rh4 1-0

[Event "EU-ch blitz"]
[Site "Minsk"]
[Date "2015.12.18"]
[Round "11.44"]
[White "Olhovik, Andrei"]
[Black "Kuzin, Anton"]
[Result "1/2-1/2"]
[WhiteElo "2308"]
[BlackElo "2409"]
[PlyCount "118"]
[EventDate "2015.12.18"]
[EventType "swiss (blitz)"]
[EventRounds "22"]
[EventCountry "BLR"]
[SourceTitle "EXT 2017"]
[Source "ChessBase"]
[SourceDate "2016.10.25"]
[SourceVersion "1"]
[SourceVersionDate "2016.10.25"]
[SourceQuality "1"]

1. d4 f5 2. g3 Nf6 3. Bg2 e6 4. Nf3 d5 5. 0-0 Be7 6. Nbd2 0-0 7. c4 c6 8. Qc2 Bd7 9. Ne5 Be8 10. Nd3 Nbd7 11. Nf3 Ne4 12. Nfe5 Nxe5 13. Nxe5 Bf6 14. Be3 Bh5 15. f3 Nd6 16. c5 Nf7 17. f4 g5 18. Bf3 Bxf3 19. exf3 Bxe5 20. fxe5 Nh8 21. f4 g4 22. b4 a6 23. a4 Ng6 24. Rfb1 h5 25. b5 axb5 26. axb5 Rxa1 27. Rxa1 h4 28. Qa4 Ne7 29. Qa7 Qd7 30. bxc6 Nxc6 31. Qb6 Rf7 32. gxh4 Kg7 33. Bf2 Kg6 34. Ra8 Re7 35. Qb3 Kh5 36. Rh8+ Rh7 37. Rg8 Rg7 38. Ra8 Ne7 39. Bg3 Ng6 40. Qb6 Re7 41. Qd8 Qb5 42. Qg8 Qb1+ 43. Kg2 Qb2+ 44. Kf1 Qc1+ 45. Ke2 Qc2+ 46. Ke1 Qe4+ 47. Kf1 Qf3+ 48. Ke1 Qe3+ 49. Kf1 Qxd4 50. Re8 Qc4+ 51. Kg2 Qc2+ 52. Kf1 Qb1+ 53. Kg2 Qc2+ 54. Kh1 Qe4+ 55. Kg1 Qe3+ 56. Kg2 Qf3+ 57. Kg1 Qd1+ 58. Kg2 Qc2+ 59. Kh1 Qxc5 1/2-1/2

[Event "Moscow IM-B 06"]
[Site "Moscow"]
[Date "2011.07.14"]
[Round "9"]
[White "Kuzin, Anton"]
[Black "Demidov, Mikhail"]
[Result "0-1"]
[WhiteElo "2439"]
[BlackElo "2404"]
[PlyCount "114"]
[EventDate "2011.06.30"]
[EventType "tourn"]
[EventRounds "9"]
[EventCountry "RUS"]
[SourceTitle "EXT 2013"]
[Source "ChessBase"]
[SourceDate "2012.11.22"]
[SourceVersion "1"]
[SourceVersionDate "2012.11.22"]
[SourceQuality "1"]

1. e4 c6 2. Nc3 d5 3. d4 dxe4 4. Nxe4 Bf5 5. Ng3 Bg6 6. h4 h6 7. Nf3 Nd7 8. h5 Bh7 9. Bd3 Bxd3 10. Qxd3 e6 11. Bd2 Ngf6 12. 0-0-0 Be7 13. Kb1 0-0 14. Ne4 Nxe4 15. Qxe4 Nf6 16. Qe2 Qd5 17. Ne5 Qe4 18. Qxe4 Nxe4 19. Be3 Rad8 20. g4 f5 21. f3 f4 22. fxe4 fxe3 23. Ng6 Rf7 24. Nxe7+ Rxe7 25. Rhe1 Rf7 26. c3 Rf4 27. g5 Rxe4 28. gxh6 gxh6 29. Kc2 e5 30. Kd3 Rh4 31. Rxe3 Rxh5 32. Rg1+ Kh7 33. Rge1 Rd5 34. Kc4 b5+ 35. Kb4 exd4 36. Re7+ Kg6 37. R1e6+ Kf5 38. cxd4 Rxd4+ 39. Kc5 Rc4+ 40. Kd6 a5 41. b3 Rc2 42. a4 Kf4 43. Rf7+ Kg3 44. Rg6+ Kh2 45. Kc7 Rh4 46. Kb6 Rb2 47. axb5 cxb5 48. Kxb5 a4 49. Rff6 h5 50. Rg5 a3 51. Ra6 Rxb3+ 52. Kc6 Rhh3 53. Ra4 h4 54. Re4 Rb2 55. Re1 Rg3 56. Rh5 h3 57. Ra1 a2 0-1

[Event "Moscow IM-B 06"]
[Site "Moscow"]
[Date "2011.06.30"]
[Round "1"]
[White "Kharmunova, Nadezhda"]
[Black "Kuzin, Anton"]
[Result "1-0"]
[WhiteElo "2165"]
[BlackElo "2439"]
[PlyCount "95"]
[EventDate "2011.06.30"]
[EventType "tourn"]
[EventRounds "9"]
[EventCountry "RUS"]
[SourceTitle "EXT 2013"]
[Source "ChessBase"]
[SourceDate "2012.11.22"]
[SourceVersion "1"]
[SourceVersionDate "2012.11.22"]
[SourceQuality "1"]

1. e4 d5 2. exd5 Qxd5 3. Nc3 Qd6 4. g3 Nf6 5. Bg2 c6 6. Nf3 Bg4 7. d4 Na6 8. 0-0 Rd8 9. h3 Bxf3 10. Qxf3 Nb4 11. Bf4 Qd7 12. Qe2 e6 13. Be5 Be7 14. Na4 0-0 15. a3 Na6 16. Rfd1 Qc8 17. c4 Rd7 18. b4 Nc7 19. h4 Rfd8 20. Rac1 Nfe8 21. d5 b5 22. cxb5 cxd5 23. b6 Qa6 24. Bf1 Qxe2 25. Bxe2 Na8 26. Bb5 Rb7 27. Bc6 Rxb6 28. Bxa8 Rxa8 29. Nxb6 axb6 30. Rc6 Rxa3 31. Rxb6 f6 32. Bd4 Kf7 33. Bc5 Bxc5 34. bxc5 Ra7 35. Rdb1 Rc7 36. Rb7 Ke7 37. Kf1 h5 38. Ke2 Kd7 39. Kd3 e5 40. Rxc7+ Nxc7 41. Rb6 Ke7 42. Kc3 Ne6 43. Rb7+ Kd8 44. Kb4 e4 45. c6 f5 46. Rd7+ Kc8 47. Rxd5 Kc7 48. Kb5 1-0

[Event "Bogoroditsk 03"]
[Site "Bogoroditsk"]
[Date "2011.03.30"]
[Round "13"]
[White "Sotnikov, Alexey"]
[Black "Kuzin, Anton"]
[Result "0-1"]
[WhiteElo "2259"]
[BlackElo "2436"]
[PlyCount "56"]
[EventDate "2011.03.20"]
[EventType "tourn"]
[EventRounds "13"]
[EventCountry "RUS"]
[EventCategory "5"]
[SourceTitle "EXT 2012"]
[Source "ChessBase"]
[SourceDate "2011.11.24"]
[SourceVersion "1"]
[SourceVersionDate "2011.11.24"]
[SourceQuality "1"]

1. d4 c6 2. c4 d5 3. Nc3 a6 4. Nf3 dxc4 5. e4 b5 6. a4 Bb7 7. Be2 Nf6 8. 0-0 e6 9. e5 Nd5 10. Bg5 Qc7 11. Qd2 Nd7 12. Rfe1 h6 13. Bh4 N7b6 14. a5 Nxc3 15. bxc3 Nd5 16. Qc2 c5 17. Bg3 Rd8 18. Red1 cxd4 19. Nxd4 Bc5 20. Bf3 0-0 21. Ne2 b4 22. cxb4 Nxb4 23. Qc3 Rxd1+ 24. Rxd1 Rd8 25. Rxd8+ Qxd8 26. Nc1 Bxf3 27. gxf3 Qd5 28. Kg2 Nd3 0-1

[Event "Bogoroditsk 03"]
[Site "Bogoroditsk"]
[Date "2011.03.26"]
[Round "8"]
[White "Kuzin, Anton"]
[Black "Arakeljan, Armen M"]
[Result "1/2-1/2"]
[WhiteElo "2436"]
[BlackElo "2295"]
[PlyCount "43"]
[EventDate "2011.03.20"]
[EventType "tourn"]
[EventRounds "13"]
[EventCountry "RUS"]
[EventCategory "5"]
[SourceTitle "EXT 2012"]
[Source "ChessBase"]
[SourceDate "2011.11.24"]
[SourceVersion "1"]
[SourceVersionDate "2011.11.24"]
[SourceQuality "1"]

1. c4 Nf6 2. Nc3 g6 3. g3 Bg7 4. Bg2 0-0 5. Nf3 d6 6. 0-0 e5 7. d3 Nc6 8. a3 a5 9. Rb1 h6 10. b4 axb4 11. axb4 Be6 12. b5 Ne7 13. Nd2 c6 14. Qb3 Qd7 15. Ba3 Rfd8 16. Rfd1 Nf5 17. e3 Ne7 18. Nde4 Nxe4 19. bxc6 bxc6 20. Nxe4 Qc7 21. Bb2 Bg4 22. Rdc1 1/2-1/2

[Event "Peterhof op"]
[Site "Peterhof"]
[Date "2008.08.03"]
[Round "2"]
[White "Petrov, Marin"]
[Black "Kuzin, Anton"]
[Result "0-1"]
[WhiteElo "2043"]
[BlackElo "2463"]
[PlyCount "56"]
[EventDate "2008.08.02"]
[EventType "swiss"]
[EventRounds "9"]
[EventCountry "RUS"]
[SourceTitle "CBM 125 Extra"]
[Source "ChessBase"]
[SourceDate "2008.09.01"]
[SourceVersion "1"]
[SourceVersionDate "2008.09.01"]
[SourceQuality "1"]

1. e4 c6 2. d4 d5 3. Nc3 dxe4 4. Nxe4 Bf5 5. Bd3 Qxd4 6. Be3 Qd8 7. Nf3 Bxe4 8. Bxe4 Qxd1+ 9. Rxd1 Nf6 10. Bd3 Nbd7 11. 0-0 e6 12. Rd2 Bc5 13. Nd4 Nd5 14. c4 Nxe3 15. fxe3 Rd8 16. Nc2 Ne5 17. Rfd1 a5 18. a3 a4 19. Nb4 Bxe3+ 20. Kh1 Bxd2 21. Rxd2 c5 22. Nc2 Rxd3 23. Re2 Rd1+ 24. Ne1 Nd3 25. h3 Rxe1+ 26. Rxe1 Nxe1 27. Kg1 Ke7 28. Kf2 Nxg2 0-1

[Event "Tula Kotov Memorial"]
[Site "Tula"]
[Date "2007.07.06"]
[Round "10"]
[White "Bagirov, Rufat"]
[Black "Kuzin, Anton"]
[Result "1/2-1/2"]
[WhiteElo "2487"]
[BlackElo "2461"]
[PlyCount "148"]
[EventDate "2007.06.30"]
[EventType "tourn"]
[EventRounds "13"]
[EventCountry "RUS"]
[EventCategory "9"]
[SourceTitle "CBM 119 Extra"]
[Source "ChessBase"]
[SourceDate "2007.09.04"]
[SourceVersion "1"]
[SourceVersionDate "2007.09.04"]
[SourceQuality "1"]

1. d4 f5 2. Bg5 d5 3. e3 c6 4. c4 Qb6 5. Qc2 Be6 6. Nf3 Nd7 7. cxd5 cxd5 8. Nc3 Rc8 9. Bd3 Ngf6 10. Bxf6 Nxf6 11. Bxf5 Bxf5 12. Qxf5 e6 13. Qc2 Bb4 14. Qa4+ Ke7 15. 0-0 Qa5 16. Qb3 Bxc3 17. bxc3 b6 18. Rfc1 Rc7 19. Ne5 Rhc8 20. c4 Nd7 21. Nxd7 Kxd7 22. c5 bxc5 23. dxc5 Rxc5 24. Rd1 Ke7 25. e4 Qc3 26. Qxc3 Rxc3 27. exd5 exd5 28. Rxd5 Rc1+ 29. Rd1 Rxa1 30. Rxa1 Rc2 31. g4 g5 32. Kg2 Kf6 33. h3 a5 34. a4 Rc4 35. Ra3 h6 36. Kg3 Rb4 37. h4 h5 38. Rf3+ Kg6 39. gxh5+ Kxh5 40. Rf5 Rg4+ 41. Kf3 Kxh4 42. Rxa5 Rf4+ 43. Kg2 Rb4 44. Ra8 Kh5 45. a5 Ra4 46. a6 Kg6 47. Kg3 Ra3+ 48. f3 Ra2 49. Kh3 Kf6 50. a7 Kg7 51. Kg4 Ra5 52. Kh5 Kh7 53. Rf8 Rxa7 54. Kxg5 Kg7 55. Rf6 Ra5+ 56. Rf5 Ra7 57. Rd5 Rb7 58. f4 Ra7 59. Rd6 Rb7 60. Ra6 Rc7 61. f5 Rb7 62. Rg6+ Kf7 63. Rh6 Rb1 64. Rh7+ Kg8 65. Re7 Rb6 66. Re6 Rb7 67. Rh6 Ra7 68. Kg6 Rg7+ 69. Kf6 Rf7+ 70. Ke6 Ra7 71. Rh4 Ra6+ 72. Ke7 Ra7+ 73. Kf6 Ra6+ 74. Kg5 Kg7 1/2-1/2

[Event "Moscow op 03rd"]
[Site "Moscow"]
[Date "2007.02.04"]
[Round "9"]
[White "Kuzin, Anton"]
[Black "Kosov, Ivan"]
[Result "1/2-1/2"]
[WhiteElo "2459"]
[BlackElo "2354"]
[PlyCount "29"]
[EventDate "2007.01.27"]
[EventType "swiss"]
[EventRounds "9"]
[EventCountry "RUS"]
[SourceTitle "CBM 116 Extra"]
[Source "ChessBase"]
[SourceDate "2007.03.07"]
[SourceVersion "1"]
[SourceVersionDate "2007.03.07"]
[SourceQuality "1"]

1. e4 c5 2. Nf3 Nc6 3. Bb5 g6 4. 0-0 Bg7 5. Re1 Nf6 6. e5 Nd5 7. Nc3 Nc7 8. Bxc6 dxc6 9. Ne4 b6 10. Nf6+ Kf8 11. Ne4 Bg4 12. d3 Ne6 13. Neg5 h6 14. Nxe6+ Bxe6 15. Qe2 1/2-1/2

[Event "Moscow op 03rd"]
[Site "Moscow"]
[Date "2007.02.03"]
[Round "8"]
[White "Chuprov, Dmitry"]
[Black "Kuzin, Anton"]
[Result "1-0"]
[WhiteElo "2534"]
[BlackElo "2459"]
[PlyCount "59"]
[EventDate "2007.01.27"]
[EventType "swiss"]
[EventRounds "9"]
[EventCountry "RUS"]
[SourceTitle "CBM 116 Extra"]
[Source "ChessBase"]
[SourceDate "2007.03.07"]
[SourceVersion "1"]
[SourceVersionDate "2007.03.07"]
[SourceQuality "1"]

1. Nf3 f5 2. g3 Nf6 3. Bg2 e6 4. 0-0 Be7 5. c4 0-0 6. d3 d6 7. Nc3 c6 8. b4 a6 9. Rb1 Qe8 10. a4 Qh5 11. b5 e5 12. bxc6 bxc6 13. c5 Nbd7 14. cxd6 Bxd6 15. Nd2 Ra7 16. Nc4 Bc5 17. e3 Qf7 18. Na5 Rc7 19. Qb3 Qxb3 20. Rxb3 Bd6 21. Rd1 Nc5 22. Rb6 Bd7 23. Nc4 Rb7 24. Rxb7 Nxb7 25. Nxd6 Nxd6 26. Ba3 Nfe8 27. Rb1 Rf6 28. Rb6 e4 29. dxe4 Nc4 30. Rb7 1-0

[Event "Tula Suetin Memorial"]
[Site "Tula"]
[Date "2006.11.25"]
[Round "7"]
[White "Novikov, Maxim"]
[Black "Kuzin, Anton"]
[Result "1/2-1/2"]
[WhiteElo "2500"]
[BlackElo "2465"]
[PlyCount "22"]
[EventDate "2006.11.21"]
[EventType "tourn"]
[EventRounds "13"]
[EventCountry "RUS"]
[EventCategory "8"]
[SourceTitle "EXT 2010"]
[Source "ChessBase"]
[SourceDate "2010.11.25"]
[SourceVersion "1"]
[SourceVersionDate "2010.11.25"]
[SourceQuality "1"]

1. e4 c6 2. d4 d5 3. exd5 cxd5 4. Bd3 Nc6 5. c3 Nf6 6. Bf4 Bg4 7. Qb3 Qc8 8. Nd2 e6 9. Ngf3 Be7 10. 0-0 Bh5 11. Rae1 0-0 1/2-1/2

[Event "Tula Suetin Memorial"]
[Site "Tula"]
[Date "2006.11.23"]
[Round "4"]
[White "Kuzin, Anton"]
[Black "Kurilin, Alexander"]
[Result "1-0"]
[WhiteElo "2465"]
[BlackElo "2314"]
[PlyCount "44"]
[EventDate "2006.11.21"]
[EventType "tourn"]
[EventRounds "13"]
[EventCountry "RUS"]
[EventCategory "8"]
[SourceTitle "EXT 2010"]
[Source "ChessBase"]
[SourceDate "2010.11.25"]
[SourceVersion "1"]
[SourceVersionDate "2010.11.25"]
[SourceQuality "1"]

1. e4 e5 2. Nf3 Nc6 3. Bb5 Nf6 4. 0-0 d6 5. d4 Bg4 6. dxe5 Bxf3 7. Qxf3 dxe5 8. Rd1 Qc8 9. Nc3 Bd6 10. Nd5 Qe6 11. Bc4 Qd7 12. Qxf6 gxf6 13. Nxf6+ Kd8 14. Nxd7 Kxd7 15. Bxf7 Nd4 16. c3 Ne2+ 17. Kf1 Nxc1 18. Raxc1 Raf8 19. Bb3 Rf4 20. f3 Rhf8 21. Ke2 h5 22. c4 Rxe4+ 1-0

[Event "Chigorin Memorial-A 14th"]
[Site "St Petersburg"]
[Date "2006.10.28"]
[Round "7"]
[White "Kim, Alexey"]
[Black "Kuzin, Anton"]
[Result "1-0"]
[WhiteElo "2428"]
[BlackElo "2465"]
[PlyCount "63"]
[EventDate "2006.10.23"]
[EventType "swiss"]
[EventRounds "9"]
[EventCountry "RUS"]
[SourceTitle "EXT 2007"]
[Source "ChessBase"]
[SourceDate "2006.11.23"]
[SourceVersion "1"]
[SourceVersionDate "2006.11.23"]
[SourceQuality "1"]

1. e4 c6 2. d4 d5 3. exd5 cxd5 4. c4 Nf6 5. Nc3 g6 6. cxd5 Bg7 7. Qb3 0-0 8. Nge2 Na6 9. Nf4 Qb6 10. Bc4 Qxd4 11. Be3 Qe5 12. Nd3 Qh5 13. f3 Nc7 14. 0-0 b5 15. Nxb5 Ncxd5 16. Bf2 Nb6 17. Nc7 Rb8 18. Rfe1 Bf5 19. Bxf7+ Kh8 20. Na6 Rbc8 21. Nac5 Bxd3 22. Nxd3 Nfd5 23. Be6 Rcd8 24. Rad1 Qg5 25. Ne5 Nf4 26. Nf7+ Rxf7 27. Rxd8+ Rf8 28. Rxf8+ Bxf8 29. Bd4+ Bg7 30. Bxg7+ Kxg7 31. Qc3+ Kh6 32. g3 1-0

[Event "Chigorin Memorial-A 14th"]
[Site "St Petersburg"]
[Date "2006.10.27"]
[Round "6"]
[White "Kuzin, Anton"]
[Black "Kornev, Alexei"]
[Result "0-1"]
[WhiteElo "2465"]
[BlackElo "2578"]
[PlyCount "102"]
[EventDate "2006.10.23"]
[EventType "swiss"]
[EventRounds "9"]
[EventCountry "RUS"]
[SourceTitle "EXT 2007"]
[Source "ChessBase"]
[SourceDate "2006.11.23"]
[SourceVersion "1"]
[SourceVersionDate "2006.11.23"]
[SourceQuality "1"]

1. f4 Nf6 2. Nf3 g6 3. b3 Bg7 4. Bb2 0-0 5. e3 b6 6. Be2 Bb7 7. 0-0 c5 8. Qe1 d6 9. d3 e5 10. f5 Ng4 11. Bd1 gxf5 12. h3 Nh6 13. Nbd2 Nc6 14. Nh4 Ne7 15. Qg3 Kh8 16. Bf3 Qd7 17. Bxb7 Qxb7 18. e4 fxe4 19. Nxe4 Qd7 20. Nf6 Qe6 21. Qg5 Nhg8 22. Nh5 Bh6 23. Qg3 f5 24. Rae1 Ng6 25. Nxg6+ hxg6 26. Nf4 Bxf4 27. Rxf4 Kg7 28. Ref1 Ne7 29. Re1 Nd5 30. Rh4 Nf6 31. Bc1 Rh8 32. Bg5 Nd5 33. c4 Nf6 34. Qf3 Raf8 35. Rxh8 Kxh8 36. Bxf6+ Qxf6 37. a4 Rf7 38. Qc6 Kg7 39. Kh1 Qh4 40. Rf1 Qd4 41. Rf3 Re7 42. Qc8 Qh4 43. Qd8 Qf6 44. Rf1 Qe6 45. Rf3 Rd7 46. Qg5 d5 47. Re3 Qf6 48. Qg3 dxc4 49. bxc4 f4 50. Qg4 fxe3 51. Qxd7+ Kh6 0-1

[Event "Tula Igriashvili Memorial"]
[Site "Tula "]
[Date "2006.04.04"]
[Round "14"]
[White "Yagupov, Igor"]
[Black "Kuzin, Anton"]
[Result "1/2-1/2"]
[WhiteElo "2534"]
[BlackElo "2368"]
[PlyCount "82"]
[EventDate "2006.03.26"]
[EventType "tourn"]
[EventRounds "14"]
[EventCountry "RUS"]
[EventCategory "8"]
[SourceTitle "EXT 2008"]
[Source "ChessBase"]
[SourceDate "2007.11.25"]
[SourceVersion "1"]
[SourceVersionDate "2007.11.25"]
[SourceQuality "1"]

1. e4 c6 2. d4 d5 3. Nc3 dxe4 4. Nxe4 Bf5 5. Ng3 Bg6 6. h4 h6 7. Nf3 Nd7 8. h5 Bh7 9. Bd3 Bxd3 10. Qxd3 Ngf6 11. Bf4 e6 12. 0-0-0 Be7 13. Kb1 0-0 14. Ne4 Nxe4 15. Qxe4 Nf6 16. Qe2 Qd5 17. Ne5 Qe4 18. Qxe4 Nxe4 19. Rhe1 Nf6 20. g4 Rfd8 21. c3 Rac8 22. f3 Nd5 23. Bc1 b5 24. f4 c5 25. dxc5 Rxc5 26. Rd4 Bd6 27. f5 Bxe5 28. Rxe5 Rdc8 29. Bf4 Nxf4 30. Rxc5 Rxc5 31. Rxf4 e5 32. Re4 Kf8 33. Kc2 Ke7 34. b4 Rd5 35. c4 bxc4 36. Rxc4 Rd7 37. b5 Kd6 38. Rc6+ Kd5 39. Kd3 f6 40. a4 Rb7 41. Ke3 Rd7 1/2-1/2

[Event "Tula Igriashvili Memorial"]
[Site "Tula "]
[Date "2006.04.02"]
[Round "11"]
[White "Kuzin, Anton"]
[Black "Zaitsev, Alexander"]
[Result "1/2-1/2"]
[WhiteElo "2368"]
[BlackElo "2401"]
[PlyCount "29"]
[EventDate "2006.03.26"]
[EventType "tourn"]
[EventRounds "14"]
[EventCountry "RUS"]
[EventCategory "8"]
[SourceTitle "EXT 2008"]
[Source "ChessBase"]
[SourceDate "2007.11.25"]
[SourceVersion "1"]
[SourceVersionDate "2007.11.25"]
[SourceQuality "1"]

1. e4 g6 2. d4 Bg7 3. Nc3 d6 4. f4 Nf6 5. Nf3 0-0 6. Bd3 Na6 7. 0-0 c5 8. d5 Nc7 9. a4 Bg4 10. h3 Bxf3 11. Qxf3 e6 12. Bd2 exd5 13. exd5 b6 14. Bb5 Nxb5 15. axb5 1/2-1/2

[Event "Tula Igriashvili Memorial"]
[Site "Tula "]
[Date "2006.03.27"]
[Round "3"]
[White "Kuzin, Anton"]
[Black "Novikov, Maxim"]
[Result "1/2-1/2"]
[WhiteElo "2368"]
[BlackElo "2518"]
[PlyCount "47"]
[EventDate "2006.03.26"]
[EventType "tourn"]
[EventRounds "14"]
[EventCountry "RUS"]
[EventCategory "8"]
[SourceTitle "EXT 2008"]
[Source "ChessBase"]
[SourceDate "2007.11.25"]
[SourceVersion "1"]
[SourceVersionDate "2007.11.25"]
[SourceQuality "1"]

1. e4 e5 2. Nf3 Nc6 3. Bb5 d6 4. d4 Bd7 5. Nc3 exd4 6. Nxd4 g6 7. Be3 Nf6 8. f3 Bg7 9. Qd2 0-0 10. Bxc6 Bxc6 11. 0-0-0 Re8 12. Bh6 Bh8 13. Bg5 Qe7 14. g4 Qe5 15. Be3 Nd7 16. h4 Nb6 17. Qd3 Bd7 18. h5 d5 19. hxg6 fxg6 20. f4 dxe4 21. Qf1 Qe7 22. f5 Rf8 23. Kb1 Bg7 24. Nb3 1/2-1/2